01406nam a2200337 a 4500001001200000003000800012006001900020007001500039008004100054020001800095020002700113040002100140035002100161050002300182082001400205100003300219245017200252260003100424300001900455504005100474505005200525533015200577650006000729650004500789650002100834655002900855700002400884710001700908856012600925999001701051ebr10677729CaPaEBRm u cr cn|||||||||130403s2013 si sb 001 0 eng d z9781118550175 z9781118550229 (e-book) aCaPaEBRcCaPaEBR a(OCoLC)84117171214aHG103b.M35 2013eb04a174.42231 aMalloch, Theodore Roosevelt.14aThe end of ethics and a way backh[electronic resource] :bhow to fix a fundamentally broken global financial system /cTheodore Roosevelt Malloch, Jordan D. Mamorsky. aSingapore :bWiley,c2013. axlviii, 253 p. aIncludes bibliographical references and index.0 apt. 1. Economic vice -- pt. 2. Recommendations. aElectronic reproduction.bPalo Alto, Calif. :cebrary,d2013.nAvailable via World Wide Web.nAccess may be limited to ebrary affiliated libraries. 0aFinancial services industryxMoral and ethical aspects. 0aFinancial services industryxManagement. 0aBusiness ethics. 7aElectronic books.2local1 aMamorsky, Jordan D.2 aebrary, Inc.40uhttp://site.ebrary.com/lib/rucke/Doc?id=10677729zAn electronic book accessible through the World Wide Web; click to view c59296d59296